KOHA-Header-6

بلوچستان میں شورش (Record no. 13721)

000 -LEADER
fixed length control field 00284nam a22001097a 4500
082 ## - DEWEY DECIMAL CLASSIFICATION NUMBER
Classification number 891.4275
100 ## - MAIN ENTRY--AUTHOR NAME
Personal name نصرت مرزا
245 ## - TITLE STATEMENT
Title بلوچستان میں شورش
260 ## - PUBLICATION, DISTRIBUTION, ETC. (IMPRINT)
Place of publication کراچی
Name of publisher رابطہ پبلیکیشنز
Year of publication ٢٠٠٦
300 ## - PHYSICAL DESCRIPTION
Number of Pages ٢٨٨ صفحات
942 ## - ADDED ENTRY ELEMENTS (KOHA)
Koha item type Books
Holdings
Withdrawn status Lost status Collection code Permanent Location Current Location Shelving location Date acquired Full call number Accession Number Koha item type
    Urdu Literature MAJU MAJU Shelf No.A12 2023-02-03 891.4275 10809 Books

Powered by Koha